Paroles : Fireproof - One Direction - Statistiques

Statistiques générales
  • Ce quiz a été pris 82 fois
  • Le résultat moyen est 167 sur 226
Statistiques - réponses
Réponse % Correct
I
98%
fireproof
91%
a
89%
I'm
89%
you
89%
You
89%
baby
87%
so
87%
me
84%
my
84%
the
84%
and
80%
And
80%
be
80%
way
80%
do
78%
up
78%
can't
73%
'cause
73%
'Cause
73%
Cause
73%
cause
73%
give
73%
inside
73%
lose
73%
mind
73%
nobody
73%
Somethin'
73%
somethin'
73%
think
73%
gonna
71%
It's
71%
it's
71%
loves
71%
of
71%
'til
71%
are
69%
deep
69%
long
67%
out
67%
been
64%
luck
64%
Maybe
64%
this
64%
win
64%
feelin'
62%
roll
60%
Yeah
58%
time
56%
burnin'
53%
I've
53%
knows
53%
change
51%
all
49%
got
49%
won't
49%
takin'
47%
must
42%
saves
40%
than
38%
on
36%
stream
33%
jet
31%
Hotter
29%
Ridin
20%
wind
20%
Aucun quiz correspondant
Distribution des résultats
% des personnes avec chaque résultat
Percentile par nombre de réponses
Votre historique - résultats
Vous n’avez pas pris ce quiz